000
00267nam a2200109Ia 4500
008
200302s9999 xx 000 0 und d
100
_a
Donald J. Willcox
245
_a
New Design in Ceramics
260
_b
Van Nostrand Renhold Company
260
_c
1970
300
_a
119 P.,
999
_c
439
_d
439